Curso de filosofía fundamental... / (Record no. 42988)

MARC details
000 -LEADER
campo de control de longitud fija 00641nam a2200181 i 4500
001 - NÚMERO DE CONTROL
campo de control 42988
003 - IDENTIFICADOR DE NÚMERO DE CONTROL
campo de control ES-MaACL
005 - FECHA Y HORA DE LA ÚLTIMA TRANSACCIÓN
campo de control 20230906160719.0
007 - CAMPO FIJO DE DESCRIPCIÓN FÍSICA--INFORMACIÓN GENERAL
campo de control de longitud fija t|
008 - DATOS DE LONGITUD FIJA--INFORMACIÓN GENERAL
campo de control de longitud fija 030314s1971 sp ||||1| spa d
100 1# - ENTRADA PRINCIPAL--NOMBRE DE PERSONA
Nombre de persona Cencillo, Luis.
9 (RLIN) 37397
245 10 - MENCIÓN DEL TÍTULO
Título Curso de filosofía fundamental... /
Mención de responsabilidad, etc. Luis Cencillo.
260 ## - PUBLICACIÓN, DISTRIBUCIÓN, ETC.
Lugar de publicación, distribución, etc. Madrid :
Nombre del editor, distribuidor, etc. Universidad, Seminario de Historia de los Sistemas Filosóficos :
-- Raycar,
Fecha de publicación, distribución, etc. 1971.
300 ## - DESCRIPCIÓN FÍSICA
Extensión v. ;
Dimensiones 24 cm.
505 8# - NOTA DE CONTENIDO CON FORMATO
Nota de contenido con formato Contiene: T. I: Tratado de las realidades
710 2# - ENTRADA AGREGADA--NOMBRE DE ENTIDAD CORPORATIVA
Nombre de entidad corporativa o nombre de jurisdicción como elemento de entrada Universidad de Madrid.
Unidad subordinada Seminario de Historia de los Sistemas Filosóficos.
9 (RLIN) 7217
852 ## - LOCALIZACIÓN
Ubicación ES-MaACL
Número de control de estantería P-1600
Sublocalización o colección R.74943
Holdings
Estatus retirado Estado de pérdida Estado de daño No para préstamo Biblioteca de origen Biblioteca actual Ubicación en estantería Fecha de adquisición Fuente de adquisición Total de préstamos Signatura topográfica completa Código de barras Visto por última vez Precio de reemplazo Tipo de ítem Koha
        Biblioteca del Ateneo de Madrid Biblioteca del Ateneo de Madrid Depósito 2 17/01/2008     P-1600 1045246 23/02/2023 23/02/2023 Libro impreso